The practice of the presence of God. (Record no. 13665)

000 -LEADER
fixed length control field 00626nam a2200181 a 4500
001 - CONTROL NUMBER
control field :::00011488$&:&@@
003 - CONTROL NUMBER IDENTIFIER
control field OkBaRHE
005 - DATE AND TIME OF LATEST TRANSACTION
control field 20000607103409.0
008 - FIXED-LENGTH DATA ELEMENTS--GENERAL INFORMATION
fixed length control field s1982 j 000 0 eng u
040 ## - CATALOGING SOURCE
Transcribing agency
100 1# - MAIN ENTRY--PERSONAL NAME
Personal name Lawrence, 1611-1691.
245 14 - TITLE STATEMENT
Title The practice of the presence of God.
Statement of responsibility, etc By Brother Lawrence of the Resurrection [i.e. N. Herman].
260 ## - PUBLICATION, DISTRIBUTION, ETC. (IMPRINT)
Place of publication, distribution, etc Springdale, PA., :
Name of publisher, distributor, etc Whitaker House
Date of publication, distribution, etc c1982
300 ## - PHYSICAL DESCRIPTION
Extent 95 p. ;
Dimensions 18 cm.
650 ## - SUBJECT ADDED ENTRY--TOPICAL TERM
Topical term or geographic name as entry element Christian Life
General subdivision Catholic Authors
942 ## - ADDED ENTRY ELEMENTS (KOHA)
Source of classification or shelving scheme
Koha item type Books
Copies
Shelving location Permanent Location Lost status Not for loan Date last seen Copy number Date checked out Damaged status Withdrawn status Current Location Barcode Full call number Source of classification or shelving scheme Date acquired Koha item type Total Checkouts Price effective from
General StacksRHEMA Bible Training College  2012-02-1612012-02-01  RHEMA Bible Training College11488BX 2349 .L3813 2010-04-14Books12010-04-14